Score 0/30 Timer 05:00
1 Play Today
Start of Title Last Word % Correct
The Price IsRight
99%
The PartridgeFamily
97.6%
Three'sCompany
97.3%
The GongShow
95.8%
Saturday NightLive
95.6%
The Dukes ofHazzard
94.6%
Sanford andSon
93.8%
Diff'rent Strokes
93.7%
Laverne &Shirley
92.4%
The Young and theRestless
91.4%
Charlie'sAngels
90.7%
The RockfordFiles
90.4%
The BionicWoman
89.4%
SchoolhouseRock!
88.4%
FantasyIsland
87.3%
Start of Title Last Word % Correct
The Sonny and Cher ComedyHour
87.3%
Chico and theMan
85.4%
Monday NightFootball
85.2%
Welcome Back,Kotter
84.5%
Eight IsEnough
84.4%
All MyChildren
83.4%
Good MorningAmerica
83.3%
WKRP in Cincinnati
80.6%
FawltyTowers
78.7%
The $10,000Pyramid
78.3%
Fat Albert and the CosbyKids
77.7%
McMillan & Wife
63%
Archie Bunker'sPlace
62.2%
Are You BeingServed?
54.2%
Hong KongPhooey
41%
Come Together.
Have Fun.
All Virtual.
We all need to come together. Play Sporcle's virtual live trivia to have fun, connect with people, and get your trivia on. Join a live hosted trivia game for your favorite pub trivia experience done virtually. If a virtual private party is more your thing, go here for details.

You're not logged in!

Compare scores with friends on all Sporcle quizzes.
OR
Log In

Sporcle TV

Today on Sporcle TV


Watch our educational content, quiz creation guides, and fun videos on Sporcle TV.

Show Comments

Extras

Top Quizzes Today


Score Distribution

Paid Content

Your Account Isn't Verified!

In order to create a playlist on Sporcle, you need to verify the email address you used during registration. Go to your Sporcle Settings to finish the process.

Report this User

Report this user for behavior that violates our Community Guidelines.

Details: